000 00693nam a2200181Ia 4500
008 100921s9999 xx 000 0 und d
082 _b38897
_a891.463 न 00
100 _aधाराशिवकर मुकुंद.
245 _aवाळवंटातील वादळ.
260 _bसाकेत प्रकाशन,औरंगाबाद.
_c2000
300 _a205
_bजयेश एजन्सी,पुणे.
365 _b150
520 _aललित-कादंबरी.
630 _aवाळवंटातील वादळ.
650 _aललित-कादंबरी.
730 _aवाळवंटातील वादळ.
942 _cBOOK
999 _c788010
_d788007